[Event "World Blitz 2016"]
[Site "Doha QAT"]
[Date "2016.12.29"]
[Round "12.4"]
[White "Morozevich, Alexander"]
[Black "Yu, Yangyi"]
[Result "1-0"]
[WhiteTitle "GM"]
[BlackTitle "GM"]
[WhiteElo "2676"]
[BlackElo "2729"]
[WhiteFideId "4116992"]
[BlackFideId "8603820"]
[EventDate "2016.12.29"]

1. e4 e5 2. Nf3 Nf6 3. Nc3 Nc6 4. d4 exd4 5. Nxd4 Bb4 6. Nxc6 bxc6 7. Bd3 O-O 8.
O-O Re8 9. Bg5 d6 10. f4 Qe7 11. Qf3 Rb8 12. Rae1 Qf8 13. Bxf6 gxf6 14. Qh5 Qg7
15. e5 Bxc3 16. bxc3 dxe5 17. Re3 Bg4 18. Qh4 exf4 19. Rxf4 h5 20. Rxe8+ Rxe8
21. h3 Qg5 22. Qf2 Bd7 23. Rxf6 Bxh3 24. Rxf7 Bxg2 25. Rf5 Qc1+ 26. Kxg2 1-0

[Event "World Blitz 2016"]
[Site "Doha QAT"]
[Date "2016.12.29"]
[Round "12.5"]
[White "Grischuk, Alexander"]
[Black "Ivanchuk, Vassily"]
[Result "1/2-1/2"]
[WhiteTitle "GM"]
[BlackTitle "GM"]
[WhiteElo "2737"]
[BlackElo "2747"]
[WhiteFideId "4126025"]
[BlackFideId "14100010"]
[EventDate "2016.12.29"]

1. e4 c5 2. Nf3 d6 3. d4 cxd4 4. Nxd4 Nf6 5. Nc3 Nc6 6. Bg5 e6 7. Qd2 a6 8.
O-O-O Be7 9. Bxf6 gxf6 10. f4 Nxd4 11. Qxd4 b5 12. e5 d5 13. Be2 Bb7 14. f5 fxe5
15. Qxe5 Bf6 16. Qg3 Qb8 17. Qh3 d4 18. fxe6 dxc3 19. Rhf1 Qe5 20. Rde1 Qg5+ 21.
Kb1 Bxg2 22. exf7+ Kf8 23. Qe6 Bxf1 24. Rxf1 Be7 25. bxc3 Rd8 26. h4 Qg6 27. Qe3
h5 28. Rg1 Qf6 29. Rf1 Qxf1+ 30. Bxf1 Rd1+ 31. Kb2 Rxf1 32. a4 bxa4 33. Qd4 a3+
34. Ka2 Rh7 35. c4 Rfxf7 36. c5 Rf6 37. Qd5 Rhh6 38. Qa8+ Kg7 39. Qg2+ Rhg6 40.
Qd5 Rc6 41. Qxh5 Rxc5 42. Qe2 Bd6 43. h5 Rf6 44. Qg2+ Kh6 45. Qd2+ Kxh5 46. Qe2+
Kg6 47. Qg2+ Rg5 48. Qe4+ Kh6 49. Qh1+ Rh5 50. Qe4 a5 51. Qe3+ Rg5 52. Qh3+ Kg6
53. Qd3+ Rgf5 54. Qe4 Kg7 55. Qb7+ Rf7 56. Qg2+ Kf6 57. Qe4 Re7 58. Qd4+ Ke6 59.
Qg4 Rf7 60. Qc4+ Kd7 61. Qa4+ Kc7 62. Qc4+ Kd8 63. Qd4 Kd7 64. Qa7+ Ke6 65. Qe3+
Re5 66. Qb3+ Ke7 67. Qb7+ Kf6 68. Qf3+ Rf5 69. Qc3+ Ke7 70. Qe3+ Re5 71. Qd4 Rf3
72. Qh4+ Rf6 73. Qh7+ Kf8 74. Qd3 a4 75. Qd4 Ke7 76. Qxa4 Rc5 77. Qe4+ Be5 78.
Qb7+ Rc7 79. Qb4+ Bd6 80. Qe4+ Re6 81. Qh7+ Kd8 82. Qg8+ Re8 83. Qg6 Be5 84.
Qd3+ Rd7 85. Qb5 Bd6 86. Qa5+ Rc7 87. Qa8+ Kd7 88. Qa4+ Rc6 89. Qa7+ Bc7 90.
Qd4+ Kc8 91. Qg4+ Kb8 92. Qb4+ Rb6 93. Qa4 Re5 94. Qc4 Rb2+ 95. Kxa3 Rb7 96.
Qg8+ Ka7 97. Qg1+ Bb6 98. Qg4 Ra5+ 99. Kb3 Bc5+ 100. Kc3 Ra3+ 101. Kd2 Bb4+ 102.
Ke2 Re7+ 103. Kf1 Bc5 104. Qc4 Kb6 105. Kg2 Rae3 106. c3 Rg7+ 107. Kf1 Rgg3 108.
Qb3+ Kc6 109. Qa4+ Kd6 110. Qa6+ Kd5 111. c4+ Kd4 112. Qa1+ Rc3 113. Qd1+ Kxc4
114. Qa4+ Bb4 115. Qa2+ Kb5 116. Qd5+ Bc5 117. Qd7+ Kb4 118. Qb7+ Ka3 119. Qa6+
Kb2 120. Qb5+ Kc1 121. Qa5 Rcf3+ 122. Ke1 Rg1+ 123. Ke2 Re3+ 124. Kf2 Re5+ 125.
Kf3 Rf1+ 126. Kg4 Rfe1 127. Qc3+ Kd1 128. Qd3+ 1/2-1/2

[Event "World Blitz 2016"]
[Site "Doha QAT"]
[Date "2016.12.29"]
[Round "12.6"]
[White "Leko, Peter"]
[Black "Nepomniachtchi, Ian"]
[Result "1/2-1/2"]
[WhiteTitle "GM"]
[BlackTitle "GM"]
[WhiteElo "2693"]
[BlackElo "2767"]
[WhiteFideId "703303"]
[BlackFideId "4168119"]
[EventDate "2016.12.29"]

1. e4 c5 2. Nf3 d6 3. d4 Nf6 4. dxc5 Nxe4 5. cxd6 Nc6 6. Be2 Nxd6 7. O-O g6 8.
c3 Bg7 9. Bf4 O-O 10. Bxd6 exd6 11. Na3 d5 12. Nb5 a6 13. Nbd4 Re8 14. Re1 Qd6
15. Qd2 Bd7 16. Rad1 Re7 17. Bf1 Rxe1 18. Rxe1 Re8 19. Rd1 Bg4 20. Re1 Rxe1 21.
Qxe1 Bxf3 22. Nxf3 Bf6 23. Qd2 Kg7 24. g3 Qc5 25. Kg2 b5 26. a3 d4 27. cxd4 Nxd4
28. Nxd4 Bxd4 29. b3 Bf6 30. b4 Qc6+ 31. Kg1 h5 32. Bg2 Qc7 33. Bd5 h4 34. Kg2
Qd7 35. h3 hxg3 36. fxg3 Qd6 37. Qd3 Qe5 38. h4 Qd6 39. Be4 Qc7 40. Bd5 Be5 41.
Bb3 Qc1 42. Qf3 f5 43. Bd5 Kf6 44. Bb7 f4 45. gxf4 Qxf4 46. Qxf4+ Bxf4 1/2-1/2

[Event "World Blitz 2016"]
[Site "Doha QAT"]
[Date "2016.12.29"]
[Round "12.9"]
[White "Anand, Viswanathan"]
[Black "Wojtaszek, Radoslaw"]
[Result "1/2-1/2"]
[WhiteTitle "GM"]
[BlackTitle "GM"]
[WhiteElo "2779"]
[BlackElo "2749"]
[WhiteFideId "5000017"]
[BlackFideId "1118358"]
[EventDate "2016.12.29"]

1. Nf3 Nf6 2. c4 e6 3. g3 d5 4. b3 Be7 5. Bg2 O-O 6. O-O b6 7. Bb2 Bb7 8. e3 c5
9. Qe2 Nbd7 10. Rd1 Qc7 11. Nc3 a6 12. cxd5 Nxd5 13. Nxd5 Bxd5 14. e4 Bb7 15. d4
Rfe8 16. dxc5 bxc5 17. Nd2 Rad8 18. Nc4 Nb6 19. Be5 Qc6 20. Na5 Qc8 21. Nxb7
Qxb7 22. Bc3 h6 23. Bf1 c4 24. bxc4 Na4 25. Be5 Qc6 26. Rac1 Qc5 27. Ba1 Bg5 28.
Rb1 Be7 29. h4 Qc6 30. Qg4 Bf8 31. h5 Nc5 32. e5 Qa4 33. Qe2 Be7 34. Bd4 Rd7 35.
Be3 Red8 36. Rxd7 Qxd7 37. Qg4 Kf8 38. Be2 Qa4 39. Rb2 Qa3 40. Rc2 Qa4 41. Bd1
Qb4 42. Qe2 Nd3 43. Rd2 Nxe5 44. Rxd8+ Bxd8 45. Bb3 Be7 46. Bxh6 gxh6 47. Qxe5
Kg8 48. Qe3 Bc5 49. Qf4 Qc3 50. Kg2 Kg7 51. Ba4 Qf6 52. Qxf6+ Kxf6 53. f4 e5 54.
Kf3 exf4 55. gxf4 Ke6 56. Bc6 f5 57. Bb7 a5 58. Bc8+ Kf6 1/2-1/2

[Event "World Blitz 2016"]
[Site "Doha QAT"]
[Date "2016.12.29"]
[Round "12.11"]
[White "Artemiev, Vladislav"]
[Black "Salem, A.R. Saleh"]
[Result "0-1"]
[WhiteTitle "GM"]
[BlackTitle "GM"]
[WhiteElo "2653"]
[BlackElo "2656"]
[WhiteFideId "24101605"]
[BlackFideId "9301348"]
[EventDate "2016.12.29"]

1. d4 Nf6 2. Nf3 g6 3. Bg5 Bg7 4. Nbd2 d5 5. e3 O-O 6. Be2 h6 7. Bh4 c5 8. c3
Qb6 9. Qb3 Nc6 10. O-O Bf5 11. Bxf6 Bxf6 12. Qxd5 cxd4 13. Nc4 Qa6 14. exd4 Be6
15. Qc5 Rac8 16. d5 Nd4 17. Qxd4 Bxd4 18. Nxd4 Bxd5 19. Ne3 Qd6 20. Nb5 Qe5 21.
Nxa7 Ra8 22. Nb5 Bc6 23. Nd4 h5 24. a3 Qf6 25. Bc4 e5 26. Nxc6 Qxc6 27. Bd5 Qc7
28. c4 Kg7 29. b4 Rfd8 30. a4 f5 31. Rfd1 f4 32. Nf1 e4 33. Re1 e3 34. fxe3 fxe3
35. Rxe3 Re8 36. Rf3 Re7 37. h3 Qe5 38. Rd1 Rxa4 39. Re3 Qf6 40. b5 Rxe3 41.
Nxe3 Qb6 42. Rd3 Qc5 43. Kh2 Ra1 44. Kg3 Qd6+ 45. Kf3 Qf6+ 46. Ke4 b6 47. Rd2
Re1 48. Rd3 Qf5+ 49. Kd4 Qf4+ 50. Be4 h4 51. Rc3 Qf6+ 52. Kd3 Rxe3+ 0-1

[Event "World Blitz 2016"]
[Site "Doha QAT"]
[Date "2016.12.29"]
[Round "12.12"]
[White "Nguyen, Ngoc Truong Son"]
[Black "Aronian, Levon"]
[Result "0-1"]
[WhiteTitle "GM"]
[BlackTitle "GM"]
[WhiteElo "2629"]
[BlackElo "2785"]
[WhiteFideId "12401110"]
[BlackFideId "13300474"]
[EventDate "2016.12.29"]

1. d4 Nf6 2. Nf3 d5 3. Bf4 c5 4. e3 Nc6 5. Nbd2 e6 6. c3 Be7 7. Bd3 Nh5 8. Be5
O-O 9. O-O Nxe5 10. Nxe5 g6 11. dxc5 Bxc5 12. c4 Qf6 13. Ndf3 Bd6 14. Ng4 Qxb2
15. h3 dxc4 16. Bxg6 hxg6 17. Qxd6 Qb6 18. Qe5 f6 19. Qc3 Qc5 20. a4 e5 21. Rfb1
b6 22. Nd2 Be6 23. Ne4 Qc6 24. f3 Rad8 25. Qb4 f5 26. Nxe5 Qc7 27. Nxg6 fxe4 28.
Nxf8 Rxf8 29. f4 Nf6 30. Rd1 Nd5 31. Qe1 Qg7 32. Kh2 c3 33. Rac1 Rc8 34. Rd4
Nxf4 35. Qf1 Nd3 36. Rxe4 Nxc1 37. Rxe6 Nb3 38. Qf5 c2 39. Rg6 c1=Q 40. Qd5+ Kf8
41. Qd6+ Qe7 42. Qf4+ Qf7 43. Qd6+ Qe7 44. Qf4+ Ke8 45. Rg8+ Kd7 46. Qf5+ Qe6
47. Rg7+ Kd6 48. Qf4+ Qe5 49. Rg6+ Kd5 50. e4+ Kd4 0-1

[Event "World Blitz 2016"]
[Site "Doha QAT"]
[Date "2016.12.29"]
[Round "12.15"]
[White "Bu, Xiangzhi"]
[Black "Riazantsev, Alexander"]
[Result "1/2-1/2"]
[WhiteTitle "GM"]
[BlackTitle "GM"]
[WhiteElo "2705"]
[BlackElo "2671"]
[WhiteFideId "8601445"]
[BlackFideId "4125029"]
[EventDate "2016.12.29"]

1. Nf3 d5 2. d4 Nf6 3. c4 e6 4. Nc3 a6 5. cxd5 exd5 6. Bg5 Be6 7. e3 Nbd7 8. Bd3
h6 9. Bh4 Bd6 10. O-O O-O 11. Rc1 Re8 12. Qc2 c6 13. a3 Qb8 14. Bg3 Bxg3 15.
hxg3 a5 16. Rfe1 Qd6 17. Rb1 Bg4 18. Nd2 Nb6 19. Qb3 Nbd7 20. Qc2 Nb6 21. Qb3
Nbd7 22. Qc2 Nb6 23. Qb3 Nbd7 24. Qc2 1/2-1/2

[Event "World Blitz 2016"]
[Site "Doha QAT"]
[Date "2016.12.29"]
[Round "12.17"]
[White "Korobov, Anton"]
[Black "Khusnutdinov, Rustam"]
[Result "1/2-1/2"]
[WhiteTitle "GM"]
[BlackTitle "GM"]
[WhiteElo "2692"]
[BlackElo "2458"]
[WhiteFideId "14105730"]
[BlackFideId "13701703"]
[EventDate "2016.12.29"]

1. d4 Nf6 2. c4 e6 3. Nc3 Bb4 4. Qc2 c5 5. dxc5 Bxc5 6. Nf3 Qb6 7. e3 Qc7 8. b3
a6 9. Bb2 b6 10. Bd3 Bb7 11. Ne4 Bb4+ 12. Ke2 Be7 13. Rhd1 d6 14. Nxf6+ gxf6 15.
Bxh7 Nc6 16. Be4 Rg8 17. Nd4 Ne5 18. g3 O-O-O 19. a4 Rg4 20. Bxb7+ Qxb7 21. a5
Rh8 22. h4 Rxg3 23. Rg1 Rxg1 24. Rxg1 bxa5 25. Bc3 Rxh4 26. Rg8+ Kd7 27. Bxa5
Nc6 28. Nxc6 Qxc6 29. Rg7 Ke8 30. Rg8+ Kd7 31. Rg7 Ke8 32. Rg8+ Kd7 1/2-1/2

[Event "World Blitz 2016"]
[Site "Doha QAT"]
[Date "2016.12.29"]
[Round "12.18"]
[White "Volokitin, Andrei"]
[Black "Mamedov, Rauf"]
[Result "0-1"]
[WhiteTitle "GM"]
[BlackTitle "GM"]
[WhiteElo "2649"]
[BlackElo "2688"]
[WhiteFideId "14107090"]
[BlackFideId "13401653"]
[EventDate "2016.12.29"]

1. e4 g6 2. d4 Bg7 3. Nc3 a6 4. Be3 d6 5. Qd2 b5 6. f3 Nd7 7. h4 h5 8. Nh3 c5 9.
Ng5 cxd4 10. Bxd4 Ngf6 11. a4 bxa4 12. Rxa4 O-O 13. Be2 Nc5 14. Ra2 Ne6 15. Nxe6
Bxe6 16. Rxa6 Rxa6 17. Bxa6 Qa5 18. Be2 Rb8 19. b3 Qb4 20. Bxf6 exf6 21. Nd5 Qc5
22. Bc4 f5 23. exf5 Bxd5 24. Qxd5 Qe3+ 25. Kf1 Bd4 26. Qxf7+ Kh8 27. Qf6+ 0-1

[Event "World Blitz 2016"]
[Site "Doha QAT"]
[Date "2016.12.29"]
[Round "12.19"]
[White "Adly, Ahmed"]
[Black "Jakovenko, Dmitry"]
[Result "1/2-1/2"]
[WhiteTitle "GM"]
[BlackTitle "GM"]
[WhiteElo "2599"]
[BlackElo "2704"]
[WhiteFideId "10601619"]
[BlackFideId "4122356"]
[EventDate "2016.12.29"]

1. d4 Nf6 2. Nf3 d5 3. g3 e6 4. Bg2 b5 5. O-O c5 6. a4 b4 7. c4 bxc3 8. Nxc3 Bb7
9. Bf4 Be7 10. Nb5 Na6 11. dxc5 Bxc5 12. Nfd4 O-O 13. Nb3 Be7 14. Qd4 Nb4 15.
Rfc1 Nc6 16. Qd1 a6 17. N5d4 Rc8 18. Nxc6 Rxc6 19. Nd4 Rxc1 20. Rxc1 Bd6 21. Qb3
Ba8 22. Nc6 Bxc6 23. Rxc6 Bxf4 24. gxf4 Qa8 25. Qb6 h6 26. Bf3 Rb8 27. Qxa6 Qxa6
28. Rxa6 Rxb2 29. a5 Ra2 30. Ra7 g5 31. fxg5 hxg5 32. h3 Ne4 33. Bxe4 dxe4 34.
e3 Kg7 35. Kg2 Ra1 36. a6 Kg6 37. Ra8 Kf5 38. Kh2 f6 39. Kg2 Ke5 40. Kh2 Kf5 41.
Kg2 Ke5 42. Kh2 f5 43. a7 Ra2 44. Kg2 Ra1 45. Rg8 Rxa7 46. Rxg5 Kf6 47. Rh5 Rg7+
48. Kh2 e5 49. Rh8 f4 50. Rf8+ Kg5 51. Re8 Kf5 52. Rf8+ Kg5 53. Re8 Kf5 54. Rf8+
Kg5 1/2-1/2

[Event "World Blitz 2016"]
[Site "Doha QAT"]
[Date "2016.12.29"]
[Round "12.20"]
[White "Salinas Herrera, Pablo"]
[Black "Melkumyan, Hrant"]
[Result "0-1"]
[WhiteTitle "IM"]
[BlackTitle "GM"]
[WhiteElo "2466"]
[BlackElo "2633"]
[WhiteFideId "3407128"]
[BlackFideId "13302485"]
[EventDate "2016.12.29"]

1. e4 e5 2. Nf3 Nc6 3. Bb5 a6 4. Ba4 Nf6 5. O-O Be7 6. d3 b5 7. Bb3 d6 8. a3 O-O
9. Nc3 Rb8 10. Nd5 Nxd5 11. Bxd5 Bd7 12. Re1 Bf6 13. c3 Ne7 14. Ba2 Ng6 15. h3
h6 16. d4 Be6 17. a4 Bxa2 18. Rxa2 exd4 19. cxd4 c5 20. axb5 axb5 21. Be3 c4 22.
Qc2 Re8 23. Ra6 Nf8 24. Bf4 Rb6 25. Raa1 Ne6 26. Be3 d5 27. e5 Bg5 28. Nxg5 Nxg5
29. Bxg5 Qxg5 30. Ra7 Rg6 31. f3 Qg3 32. Kf1 b4 33. Qf5 Qxg2# 0-1

[Event "World Blitz 2016"]
[Site "Doha QAT"]
[Date "2016.12.29"]
[Round "12.21"]
[White "Inarkiev, Ernesto"]
[Black "Vitiugov, Nikita"]
[Result "1-0"]
[WhiteTitle "GM"]
[BlackTitle "GM"]
[WhiteElo "2709"]
[BlackElo "2726"]
[WhiteFideId "4162722"]
[BlackFideId "4152956"]
[EventDate "2016.12.29"]

1. e4 c5 2. Nf3 e6 3. d4 cxd4 4. Nxd4 Bc5 5. Nb3 Be7 6. Nc3 d6 7. Be3 Nf6 8. g4
a6 9. g5 Nfd7 10. h4 b5 11. Qd2 Bb7 12. a3 Nc6 13. O-O-O Rc8 14. f4 b4 15. axb4
O-O 16. f5 exf5 17. exf5 Nxb4 18. Bg2 Bxg2 19. Qxg2 Re8 20. Bd4 Nc6 21. Bxg7
Kxg7 22. f6+ Kh8 23. fxe7 Qxe7 24. Nd5 Qe5 25. h5 a5 26. g6 a4 27. gxf7 Rf8 28.
Rde1 Qg7 29. Qxg7+ Kxg7 30. Nd2 Nce5 31. Kb1 Nc5 32. Ne7 Rcd8 33. Nf5+ Kxf7 34.
Nxd6+ Rxd6 35. Rxe5 Nd7 36. Rf5+ Rf6 37. Rhf1 Ke6 38. Rxf6+ Rxf6 39. Re1+ Kd5
40. Ne4 Rf5 41. Nc3+ Kc6 42. Re6+ Kc7 43. Rh6 Rf7 44. Ka2 Nb6 45. Nb5+ 1-0

[Event "World Blitz 2016"]
[Site "Doha QAT"]
[Date "2016.12.29"]
[Round "12.22"]
[White "Najer, Evgeniy"]
[Black "Banikas, Hristos"]
[Result "1-0"]
[WhiteTitle "GM"]
[BlackTitle "GM"]
[WhiteElo "2679"]
[BlackElo "2568"]
[WhiteFideId "4118987"]
[BlackFideId "4202031"]
[EventDate "2016.12.29"]

1. e4 c5 2. Nc3 d6 3. f4 g6 4. Nf3 Bg7 5. Bb5+ Bd7 6. a4 Nc6 7. d3 e6 8. Bxc6
Bxc6 9. O-O Ne7 10. Qe1 O-O 11. Qh4 f6 12. Be3 e5 13. fxe5 dxe5 14. Bxc5 b6 15.
Ba3 Rf7 16. Kh1 g5 17. Qf2 Qe8 18. Bxe7 Rxe7 19. Nd2 Qg6 20. Nc4 Rd8 21. Ne3 Rf7
22. Ncd5 Kh8 23. b4 Bf8 24. c3 Bd7 25. Qf3 Be6 26. Rf2 g4 27. Qg3 Bh6 28. c4 Bg5
29. Nxg4 Bxd5 30. cxd5 Bf4 31. Qf3 f5 32. exf5 Rxf5 33. g3 h5 34. Ne3 e4 35.
dxe4 Bxe3 36. Qxf5 Qg7 37. Raf1 Bxf2 38. Qxf2 Re8 39. Qf5 Re5 40. Qf8+ Qxf8 41.
Rxf8+ Kg7 42. Rf4 Re8 43. Kg2 Rc8 44. e5 1-0

[Event "World Blitz 2016"]
[Site "Doha QAT"]
[Date "2016.12.29"]
[Round "12.23"]
[White "Ganguly, Surya Shekhar"]
[Black "Bok, Benjamin"]
[Result "1/2-1/2"]
[WhiteTitle "GM"]
[BlackTitle "GM"]
[WhiteElo "2668"]
[BlackElo "2598"]
[WhiteFideId "5002150"]
[BlackFideId "1017063"]
[EventDate "2016.12.29"]

1. e4 c5 2. Nf3 d6 3. c3 Nf6 4. Be2 g6 5. O-O Bg7 6. Bb5+ Bd7 7. Bxd7+ Nbxd7 8.
d3 O-O 9. Re1 Rc8 10. Nbd2 b5 11. d4 Qb6 12. Nf1 b4 13. Ng3 bxc3 14. bxc3 Qa5
15. Bd2 Nb6 16. Qe2 Qa4 17. e5 dxe5 18. dxe5 Nfd5 19. e6 f5 20. Ne5 f4 21. Nf1
Rf5 22. Nf7 Qc4 23. Qf3 Nc7 24. Re4 Qd5 25. Rae1 Nxe6 26. Rxe6 Qxf3 27. gxf3
Rxf7 28. Rxe7 Nd5 29. Rxf7 Kxf7 30. c4 Nb4 31. Bxf4 Nxa2 32. Ng3 Nb4 33. Ne4 Kg8
34. Rd1 Bd4 35. Bd6 a5 36. f4 Rc6 37. Be5 a4 38. Bxd4 cxd4 39. Ra1 Ra6 40. Nc5
Ra5 41. Rxa4 Rxc5 42. Rxb4 Rf5 43. Kg2 Rxf4 44. c5 Rf5 45. Rc4 d3 46. c6 d2 47.
c7 d1=Q 48. c8=Q+ Rf8 49. Qe6+ Kh8 50. Qe5+ Kg8 51. Qe6+ Kh8 52. Qe5+ Kg8 53.
Qe6+ 1/2-1/2

[Event "World Blitz 2016"]
[Site "Doha QAT"]
[Date "2016.12.29"]
[Round "12.24"]
[White "Atabayev, Maksat"]
[Black "Amonatov, Farrukh"]
[Result "0-1"]
[WhiteTitle "GM"]
[BlackTitle "GM"]
[WhiteElo "2492"]
[BlackElo "2620"]
[WhiteFideId "14001101"]
[BlackFideId "14700077"]
[EventDate "2016.12.29"]

1. e4 c5 2. Nf3 d6 3. Bb5+ Nd7 4. d4 cxd4 5. Qxd4 e5 6. Qd3 h6 7. c4 Nf6 8. Nc3
Be7 9. O-O O-O 10. Bxd7 Bxd7 11. b3 a6 12. a4 Be6 13. h3 Rc8 14. Be3 Qa5 15.
Rfb1 Rfe8 16. Nd2 Nd7 17. b4 Qc7 18. Nd5 Bxd5 19. exd5 e4 20. Qb3 f5 21. Rc1 Bf6
22. Rab1 Ne5 23. c5 Nd3 24. Rc2 Qf7 25. Nc4 Rcd8 26. Nxd6 Rxd6 27. cxd6 f4 28.
Bb6 f3 29. Rc7 Qg6 30. g3 e3 31. d7 Rd8 32. d6+ Kh7 33. Qd5 Nf4 34. Qb3 Nxh3+
35. Kf1 Nxf2 36. Bxe3 Ne4 37. Bf4 Qh5 38. Ke1 Qh1# 0-1

[Event "World Blitz 2016"]
[Site "Doha QAT"]
[Date "2016.12.29"]
[Round "12.25"]
[White "Lu, Shanglei"]
[Black "Adhiban, Baskaran"]
[Result "1/2-1/2"]
[WhiteTitle "GM"]
[BlackTitle "GM"]
[WhiteElo "2627"]
[BlackElo "2666"]
[WhiteFideId "8603332"]
[BlackFideId "5018471"]
[EventDate "2016.12.29"]

1. e4 c5 2. Nf3 g6 3. c3 d5 4. e5 Nc6 5. d4 Bg7 6. Be2 cxd4 7. cxd4 Nh6 8. O-O
O-O 9. h3 f6 10. exf6 exf6 11. Nc3 Be6 12. Bf4 g5 13. Bh2 Qd7 14. Re1 Rfe8 15.
Rc1 Rac8 16. Na4 Qf7 17. Bd3 Bf5 18. Rxe8+ Rxe8 19. Bxf5 Nxf5 20. Qd3 Qg6 21.
Qb5 Qf7 22. Qd3 Qg6 23. Qb5 Qf7 24. Qd3 Qg6 25. Qb5 1/2-1/2

[Event "World Blitz 2016"]
[Site "Doha QAT"]
[Date "2016.12.29"]
[Round "12.26"]
[White "Lalith, Babu M R"]
[Black "Zhigalko, Sergei"]
[Result "1-0"]
[WhiteTitle "GM"]
[BlackTitle "GM"]
[WhiteElo "2587"]
[BlackElo "2671"]
[WhiteFideId "5024595"]
[BlackFideId "13502956"]
[EventDate "2016.12.29"]

1. Nf3 d5 2. d4 c6 3. c4 e6 4. Qc2 dxc4 5. Qxc4 Nf6 6. Bg5 b5 7. Qc2 Bb7 8. g3
Nbd7 9. Bg2 c5 10. dxc5 Bxc5 11. O-O Rc8 12. Qb3 a6 13. a4 b4 14. Nbd2 O-O 15.
Rac1 h6 16. Bxf6 Nxf6 17. Nc4 Qe7 18. Ne1 Nd5 19. Nd3 Rc7 20. Na5 Ba8 21. e4 Nf6
22. Nxc5 Rxc5 23. Qxb4 Rfc8 24. Nb3 a5 25. Rxc5 axb4 26. Rxc8+ Kh7 27. Rxa8 Qc7
28. a5 Qc2 29. e5 Ng4 30. a6 Qxb3 31. a7 Qa2 32. Rh8+ 1-0

[Event "World Blitz 2016"]
[Site "Doha QAT"]
[Date "2016.12.29"]
[Round "12.27"]
[White "Cheparinov, Ivan"]
[Black "Belyakov, Bogdan"]
[Result "1-0"]
[WhiteTitle "GM"]
[BlackTitle "IM"]
[WhiteElo "2689"]
[BlackElo "2487"]
[WhiteFideId "2905540"]
[BlackFideId "24104795"]
[EventDate "2016.12.29"]

1. d4 Nf6 2. c4 g6 3. Nf3 Bg7 4. g3 O-O 5. Bg2 d6 6. O-O Nc6 7. Nc3 a6 8. Bf4
Rb8 9. Rc1 Bd7 10. Qd2 Re8 11. Rfd1 Qc8 12. d5 Nd8 13. e4 e5 14. Bh6 b6 15. Bxg7
Kxg7 16. b4 Nb7 17. a3 Bg4 18. Rf1 Bxf3 19. Bxf3 h5 20. h4 Qh3 21. Bg2 Qg4 22.
Kh2 Ra8 23. Qd3 Qd7 24. Bh3 Qe7 25. Rc2 Rh8 26. Kg2 Ng4 27. f3 Nf6 28. Rcf2 a5
29. Nb5 axb4 30. axb4 Nh7 31. f4 exf4 32. Rxf4 f6 33. Nd4 Rhe8 34. Ne6+ Kh8 35.
R4f2 Ra4 36. e5 f5 37. Qd4 Kg8 38. Bxf5 gxf5 39. Rxf5 Nd8 40. Nxd8 Rxd8 41. e6
Qg7 42. Qe4 Ra2+ 43. Kh3 Qb2 44. R5f2 Qxf2 45. Qg6+ Kh8 46. Rxf2 Rxf2 47. e7 Rg8
48. e8=Q Rxe8 49. Qxe8+ Kg7 50. Qxh5 Nf6 51. Qg5+ Kf7 52. h5 Rf1 53. Qg6+ Kf8
54. Kh4 Rh1+ 55. Kg5 Nxh5 56. Qxh5 Rxh5+ 57. Kxh5 1-0

[Event "World Blitz 2016"]
[Site "Doha QAT"]
[Date "2016.12.29"]
[Round "12.28"]
[White "Tari, Aryan"]
[Black "Vallejo Pons, Francisco"]
[Result "0-1"]
[WhiteTitle "GM"]
[BlackTitle "GM"]
[WhiteElo "2584"]
[BlackElo "2711"]
[WhiteFideId "1510045"]
[BlackFideId "2205530"]
[EventDate "2016.12.29"]

1. e4 e5 2. Nf3 Nc6 3. Bb5 Bc5 4. c3 Nf6 5. O-O O-O 6. d4 Bb6 7. Re1 d6 8. h3 h6
9. a4 a5 10. Na3 exd4 11. cxd4 Nb4 12. Bf1 Re8 13. Nc4 Nxe4 14. Nxb6 cxb6 15.
Bf4 Bf5 16. Bb5 Bd7 17. Bc4 Rc8 18. Qb3 Qf6 19. Bh2 Bf5 20. Re2 Ng5 21. Rxe8+
Rxe8 22. Nxg5 hxg5 23. Rd1 Bc2 0-1

[Event "World Blitz 2016"]
[Site "Doha QAT"]
[Date "2016.12.29"]
[Round "12.29"]
[White "Halkias, Stelios"]
[Black "Naiditsch, Arkadij"]
[Result "0-1"]
[WhiteTitle "GM"]
[BlackTitle "GM"]
[WhiteElo "2585"]
[BlackElo "2687"]
[WhiteFideId "4201809"]
[BlackFideId "4650891"]
[EventDate "2016.12.29"]

1. Nf3 Nf6 2. c4 g6 3. Nc3 Bg7 4. d4 O-O 5. e4 d6 6. Be2 Qe8 7. O-O e5 8. dxe5
dxe5 9. Nd5 Na6 10. Qc2 Nd7 11. Be3 c6 12. Nc3 f5 13. Rad1 f4 14. Bc1 Ndc5 15.
a3 Ne6 16. b4 g5 17. c5 g4 18. Nh4 Nd4 19. Bc4+ Kh8 20. Qd3 Qh5 21. g3 Bf6 22.
Ne2 Nf3+ 23. Nxf3 gxf3 24. Nxf4 exf4 25. Bxf4 Bg4 26. h4 Bg7 27. Bd6 Rf6 28. e5
Rh6 29. Rfe1 Bf5 30. Qd4 Rg6 31. Qf4 Bh6 32. Qd4 Rg4 33. Qc3 Rxh4 34. e6+ Bg7
35. Qxg7+ Kxg7 36. gxh4 Qg4+ 37. Bg3 Qxc4 38. Rd7+ Kh6 39. Rf7 Qg4 40. Re3 Rd8 0-1

[Event "World Blitz 2016"]
[Site "Doha QAT"]
[Date "2016.12.29"]
[Round "12.30"]
[White "Pantsulaia, Levan"]
[Black "Svane, Rasmus"]
[Result "1-0"]
[WhiteTitle "GM"]
[BlackTitle "GM"]
[WhiteElo "2607"]
[BlackElo "2555"]
[WhiteFideId "13602071"]
[BlackFideId "4657101"]
[EventDate "2016.12.29"]

1. Nf3 d5 2. g3 Nf6 3. Bg2 Nbd7 4. c4 dxc4 5. Na3 e5 6. Nxc4 e4 7. Ng5 Nc5 8.
Ne5 Be6 9. Nxe6 fxe6 10. O-O Qd4 11. d3 Qxe5 12. d4 Qf5 13. dxc5 Bxc5 14. Qa4+
c6 15. Qb3 O-O 16. Qxb7 Ng4 17. Be3 Bxe3 18. fxe3 Qc5 19. Qb3 Nxe3 20. Qxe6+ Kh8
21. Rfc1 Qb6 22. Qb3 Nxg2+ 23. Qxb6 axb6 24. Kxg2 c5 25. Rc4 e3 26. Rf4 Rxf4 27.
gxf4 Rd8 28. Kf3 Rd2 29. Rb1 Kg8 30. Kxe3 Rd4 31. Rc1 Kf7 32. Rc3 Ke6 33. Rb3
Rd6 34. Ke4 Rd4+ 35. Kf3 Rd6 36. e3 g6 37. Ke4 Rc6 38. Rb5 Rd6 39. a4 Kf6 40.
Rb3 Ke6 41. Rd3 Rc6 42. Rd8 c4 43. Rh8 h5 44. Rg8 Kf7 45. Rb8 c3 46. bxc3 Rxc3
47. Rb7+ Kf8 48. Rxb6 Kf7 49. a5 Rc4+ 50. Kd5 Rc3 51. e4 Ra3 52. a6 Ra2 53. Kc6 1-0

[Event "World Blitz 2016"]
[Site "Doha QAT"]
[Date "2016.12.29"]
[Round "12.31"]
[White "Neelotpal, Das"]
[Black "Grandelius, Nils"]
[Result "1/2-1/2"]
[WhiteTitle "GM"]
[BlackTitle "GM"]
[WhiteElo "2463"]
[BlackElo "2643"]
[WhiteFideId "5003512"]
[BlackFideId "1710400"]
[EventDate "2016.12.29"]

1. e4 c5 2. Nf3 d6 3. Bb5+ Nd7 4. O-O a6 5. Bd3 Ngf6 6. Re1 g6 7. c3 Bg7 8. Bc2
O-O 9. d4 e5 10. Nbd2 cxd4 11. cxd4 exd4 12. Nxd4 Re8 13. N4f3 Nc5 14. h3 b5 15.
Rb1 Bb7 16. b4 Ncxe4 17. Nxe4 Nxe4 18. Bb2 Nc3 19. Rxe8+ Qxe8 20. Bxc3 Bxc3 21.
Bb3 Qe7 22. Bd5 Bxd5 23. Qxd5 Rc8 24. Rc1 Rc4 25. Qa8+ Kg7 26. Qxa6 Qd7 27. a4
Bxb4 28. Rxc4 bxc4 29. Qxc4 Qxa4 30. Qd4+ Kg8 31. Ng5 d5 32. Qxd5 Qa1+ 33. Kh2
Qf6 34. Nf3 Bd6+ 35. g3 Kg7 1/2-1/2